LEADER 01326nam2-2200373li-450 001 990000216250203316 005 20180312154642.0 010 $a3-540-15690-9 035 $a0021625 035 $aUSA010021625 035 $a(ALEPH)000021625USA01 035 $a0021625 100 $a20001109d1985----km-y0itay0103----ba 101 0 $aeng 102 $aGW 200 1 $aProbability distributions in quantum statistical mechanics$fMark A. Kon 210 $aBerlin [etc.]$cSpringer Verlag$dcopyr. 1985 215 $aV, 120 p.$cill. , 25 cm 225 2 $aLecture notes in mathematics$v1148 410 0$10010021263$12001$aLecture notes in mathematics$ea collection of informal reports and seminars$fedited by A. Dold, Heidelberg and B. Eckmann, Zürich 610 1 $astatistica quantistica 676 $a530133$9Statistica dei quanti (Fisica stat. dei quanti) 700 1$aKon,$bMark A.$058024 801 $aSistema bibliotecario di Ateneo dell' Universitą di Salerno$gRICA 912 $a990000216250203316 951 $a510 LNM (1148)$b0011978 959 $aBK 969 $aSCI 979 $c19900914 979 $c20001110$lUSA01$h1714 979 $c20020403$lUSA01$h1629 979 $aPATRY$b90$c20040406$lUSA01$h1616 996 $aProbability distributions in quantum statistical mechanics$978471 997 $aUNISA LEADER 01515nam--2200457---450- 001 990000497350203316 005 20090703162900.0 035 $a0049735 035 $aUSA010049735 035 $a(ALEPH)000049735USA01 035 $a0049735 100 $a20010608h----1992km-y0itay0103----ba 101 $aita 102 $aIT 105 $a||||||||001yy 200 1 $aAttivitą produttitą, prezzi e implicazioni territoriali$eelementi per programmare lo sviluppo e organizzare il territorio$fFrancesco Citarella 210 $aNapoli$cLoffredo$h1992 215 $a264 p.$d23 cm 410 $12001 461 1$1001-------$12001 606 0 $aSviluppo economico e pianificazione territoriale 676 $a330.9 700 1$aCITARELLA,$bFrancesco$038931 801 0$aIT$bsalbc$gISBD 912 $a990000497350203316 951 $aIII.1. 1907(I L 194)$b126637 LM$cI L 951 $aIII.1. 1907b(I L 194 BIS)$b126638 LM$cI L 951 $aIII.1. 1907a(I L 194 A)$b126638 LM$cI L 951 $a330.9 CIT 2 (TESTI 1577)$b5774 EC$cTESTI$d00240278 951 $aI L 194$b5475 LM$cI L 951 $aI L 194$b5476 LM$cI L 959 $aBK 969 $aUMA 969 $aECO 979 $aPATTY$b90$c20010608$lUSA01$h1247 979 $c20020403$lUSA01$h1658 979 $aPATRY$b90$c20040406$lUSA01$h1634 979 $aCOPAT3$b90$c20050308$lUSA01$h1307 979 $aRSIAV4$b90$c20090703$lUSA01$h1629 996 $aAttivitą produttitą, prezzi e implicazioni territoriali$9887633 997 $aUNISA LEADER 01201nam--2200385---450- 001 990003620610203316 005 20120208100132.0 035 $a000362061 035 $aUSA01000362061 035 $a(ALEPH)000362061USA01 035 $a000362061 100 $a20120208d1973----km-y0itay50------ba 101 $aita$alat 102 $aIT 105 $a||||||||001yy 200 1 $a"Sapientia" pagana e cristiana$eantologia di Lucrezio, Seneca e S. Agostino per la III Liceo classico e la V Liceo Scientifico$fGino Giardini, Gilberto Montuschi, Lao Paoletti 210 $aBologna$cPątron$d1973 215 $aX,535 p.$d22 cm 225 2 $aHumanitatis studia$v16 410 0$12001$aHumanitatis studia$v16 454 1$12001 461 1$1001-------$12001 606 0 $aLetteratura latina$xAntologie$2BNCF 676 $a870.8 700 1$aGIARDINI,$bGino$0186566 701 1$aMONTUSCHI,$bGilberto$0539472 701 $aPAOLETTI,$bLao$0200451 801 0$aIT$bsalbc$gISBD 912 $a990003620610203316 951 $aCL 274$b301 DSA/IFCL 959 $aBK 969 $aDSA 979 $aDSA$b90$c20120208$lUSA01$h1001 996 $a"Sapientia" pagana e cristiana$91136640 997 $aUNISA